Normal view
MARC view
- Wijayakusuma, H. M. Hembing
Entry Personal Name
001 - CONTROL NUMBER
- control field: 5298
003 - CONTROL NUMBER IDENTIFIER
- control field: OSt
005 - DATE AND TIME OF LATEST TRANSACTION
- control field: 20170517110246.0
008 - FIXED-LENGTH DATA ELEMENTS
- fixed length control field: 170517|| aca||aabn | a|a d
040 ## - CATALOGING SOURCE
- Original cataloging agency: OSt
- Transcribing agency: OSt
100 ## - HEADING--PERSONAL NAME
- Personal name: Wijayakusuma, H. M. Hembing
670 ## - SOURCE DATA FOUND
- Source citation: Work cat.: (OSt)0: Wijayakusuma, H. M. Hembing, Mencegah penyakit kewanitaan dengan tanaman herba /, [200?]

PORTAL AKMAL
E-MEL JKDM
AKMAL2U
G-BAM
u-PUSTAKA